000 00435nam a2200169 4500
003 SEACOMEC
005 20240427130458.0
008 240427b |||||||| |||| 00| 0 eng d
020 _a9780130326812
_cRs.250.00
040 _aSEACOMEC
082 _a621.3827
_bR215
100 _aRao,M,Mukunda
245 1 _aOptical communication
_cM. Mukunda Rao
260 _aHyderabad
_bUniversities Press
_c2000
650 _aElectronic
942 _cBOOK
999 _c942
_d942